000 00822nam a2200205 a 4500
001 000044001
005 20201002045102.0
008 140513s1996 sp ad 000 0 spa d
020 _a8420694568
040 _aDO-SdBNP
_bspa
_cBNPHU
245 1 0 _aEntre dos siglos :
_breflexiones sobre la democracia española /
_cO. Alzaga ... [et al.] ; J. Tusell, E. Lamo de Espinosa y R. Pardo, eds.
260 _aMadrid :
_bFundación Ortega y Gasset :
_bFundación BBV,
_c1996.
300 _a634 p. :
_bil., grád. ;
_c23 cm.
504 _aBibliografía : p. 630
700 1 2 _aTusell, Javier,
_d1945-2005
_eed.
_959345
700 1 2 _aLamo de Espinosa, Emilio,
_d1946-
_eed.
_971961
700 1 2 _aPardo, Rafael,
_eed.
_971962
700 1 2 _aAlzaga Villaamil, Óscar
_971963
710 2 _aFundación José Ortega y Gasset: Fundación BBV
_971964
999 _c43490
_d43490